[Event "Championnat de France des Jeunes - Benjamins"]
[Site "MONTLUCON"]
[Date "2011.04.21"]
[Round "6.4"]
[White "Msellek, Ilyass"]
[Black "Cogan, Nicolas"]
[Result "1-0"]
[WhiteElo "2083"]
[BlackElo "1718"]
[PlyCount "91"]

1. e4 c5 2. Nf3 g6 3. c3 Bg7 4. Be2 Nc6 5. d3 d6 6. h3 Nf6 7. Nbd2 O-O 8. Nf1
Rb8 9. Ng3 b5 10. O-O b4 11. Qc2 bxc3 12. bxc3 Nd7 13. Bb2 Ba6 14. d4 Bxe2 15.
Nxe2 Qa5 16. Rfc1 Rb7 17. Rcb1 Rfb8 18. Nd2 Qa6 19. Nb3 Na5 20. Nf4 Nc4 21. Qe2
Qa4 22. Bc1 Na3 23. Bxa3 Qxa3 24. Nd5 Kf8 25. Ne3 cxd4 26. cxd4 Bxd4 27. Nc2
Bxf2+ 28. Qxf2 Qa4 29. Rf1 Ne5 30. Ncd4 Kg8 31. Rac1 e6 32. Rc2 a6 33. Rfc1 Qd7
34. Nc6 Nxc6 35. Rxc6 d5 36. e5 h6 37. Qc5 Kg7 38. Qd6 Qe8 39. Rc7 Rxc7 40.
Rxc7 Qa4 41. Qxe6 Rf8 42. Qf6+ Kg8 43. e6 Qb4 44. Rxf7 Qb6+ 45. Kh1 Rxf7 46.
exf7+ 1-0

[Event "Championnat de France des Jeunes - Benjamins"]
[Site "MONTLUCON"]
[Date "2011.04.21"]
[Round "6.5"]
[White "Grezels, Florian"]
[Black "Pruvot, Louis"]
[Result "0-1"]
[WhiteElo "1852"]
[BlackElo "1973"]
[PlyCount "91"]

1. e4 e5 2. d4 exd4 3. c3 dxc3 4. Bc4 Nc6 5. Nxc3 Nf6 6. Nf3 d6 7. O-O Be7 8.
Re1 O-O 9. Qc2 Ng4 10. Bf4 Bf6 11. Nd5 Nge5 12. Nxe5 Bxe5 13. Be3 Be6 14. Rad1
Bxd5 15. Bxd5 Nb4 16. Qb3 Nxd5 17. Qxd5 Qc8 18. f4 Bf6 19. h3 h6 20. g4 Qe6 21.
Qxe6 fxe6 22. Rc1 c6 23. b3 a6 24. Red1 d5 25. e5 Be7 26. Kg2 Rf7 27. Rf1 Raf8
28. a4 Kh7 29. Rf2 Bh4 30. Rff1 Be7 31. Rf2 Bb4 32. Rcf1 g6 33. Rc1 Rc8 34.
Rfc2 Rfc7 35. Bb6 Rd7 36. Bd4 c5 37. Bf2 b5 38. axb5 axb5 39. Ra2 c4 40. bxc4
dxc4 41. Ra6 c3 42. Be1 Rd4 43. Rb6 c2 44. Bxb4 Rxb4 45. Ra6 Rb1 46. Ra1 0-1

[Event "Championnat de France des Jeunes - Benjamins"]
[Site "MONTLUCON"]
[Date "2011.04.21"]
[Round "6.6"]
[White "Sarafian, Thomas"]
[Black "Viennot, Dylan"]
[Result "0-1"]
[WhiteElo "1780"]
[BlackElo "2076"]
[PlyCount "34"]

1. e4 e6 2. d4 d5 3. Nc3 Nf6 4. e5 Nfd7 5. Qh5 a6 6. Nf3 g6 7. Qg4 c5 8. Bg5
Qb6 9. O-O-O h6 10. Bh4 g5 11. Bg3 h5 12. Qh3 g4 13. Qh4 gxf3 14. gxf3 Be7 15.
Qh3 cxd4 16. Ne2 Nc6 17. Bg2 Nc5 0-1

[Event "Championnat de France des Jeunes - Benjamins"]
[Site "MONTLUCON"]
[Date "2011.04.21"]
[Round "6.7"]
[White "Stark, Gabriel"]
[Black "Poulet, Pierre-Emmanuel"]
[Result "1-0"]
[WhiteElo "1792"]
[BlackElo "1903"]
[PlyCount "139"]

1. d4 Nf6 2. c4 c5 3. e3 g6 4. Nc3 Bg7 5. g3 O-O 6. Bg2 d6 7. Nge2 Nc6 8. O-O
Rb8 9. Rb1 cxd4 10. Nxd4 Nxd4 11. exd4 Bf5 12. Ra1 Qc7 13. b3 a6 14. a4 Rfc8
15. Ra2 h5 16. Bf4 Qa5 17. Qd2 Qb6 18. Rb2 Qc7 19. Re1 b6 20. Ra2 Re8 21. Bg5
e6 22. Raa1 Rbc8 23. Rac1 Nd7 24. Be3 Nb8 25. Ne4 Nc6 26. d5 Na5 27. Qb4 Rb8
28. Nxd6 Bf8 29. Bf4 e5 30. Rxe5 Rxe5 31. Bxe5 f6 32. Bf4 Qd8 33. Qe1 Bxd6 34.
Bxd6 Qxd6 35. c5 Qe5 36. c6 Nxb3 37. Qxe5 fxe5 38. c7 Rc8 39. Rc6 Nd4 40. Rc4
Bd3 41. d6 Bf5 42. Bb7 Kf7 43. Bxc8 Bxc8 44. d7 Bxd7 45. c8=Q Bxc8 46. Rxc8 b5
47. Ra8 bxa4 48. Rxa6 Ne2+ 49. Kf1 Nc3 50. Ke1 g5 51. Rc6 Nd5 52. Rc4 a3 53.
Ra4 Kf6 54. Rxa3 Kf5 55. Ke2 h4 56. gxh4 gxh4 57. Ra8 Kg4 58. Kf1 e4 59. Ra4
Kf3 60. Ra8 h3 61. Rg8 e3 62. Rg3+ Kf4 63. Rxh3 exf2 64. Kxf2 Kg4 65. Rh8 Nf4
66. Rg8+ Kh4 67. Kf3 Nh5 68. Rg6 Kh3 69. Ke4 Kh4 70. Kf5 1-0

[Event "Championnat de France des Jeunes - Benjamins"]
[Site "MONTLUCON"]
[Date "2011.04.21"]
[Round "6.8"]
[White "Laverdet, Tristan"]
[Black "Delpierre, Elie"]
[Result "1-0"]
[WhiteElo "1900"]
[BlackElo "1781"]
[PlyCount "65"]

1. e4 e6 2. d4 d5 3. Nd2 Nf6 4. e5 Nfd7 5. f4 c5 6. c3 Nc6 7. Ndf3 Qb6 8. g3
cxd4 9. cxd4 Bb4+ 10. Kf2 O-O 11. Kg2 f6 12. Bd3 Qd8 13. Ne2 f5 14. h3 g6 15.
g4 h6 16. Ng3 Be7 17. Bd2 a6 18. Rc1 Nb6 19. b3 Bd7 20. Qe2 Qe8 21. Rcg1 Kh8
22. Kf2 Qf7 23. Nf1 Rg8 24. h4 h5 25. gxf5 gxf5 26. Ng5 Qg6 27. Be3 Raf8 28.
Ng3 Be8 29. Bc2 Bb4 30. Bd1 Bc3 31. Qd3 Bb2 32. Bxh5 Nb4 33. Qd2 1-0

[Event "Championnat de France des Jeunes - Benjamins"]
[Site "MONTLUCON"]
[Date "2011.04.21"]
[Round "6.9"]
[White "Dudognon, Thibault"]
[Black "Rodriguez, Adrien"]
[Result "0-1"]
[WhiteElo "1687"]
[BlackElo "1889"]
[PlyCount "70"]

1. e4 c5 2. Nf3 d6 3. d4 cxd4 4. Nxd4 Nf6 5. Nc3 Nc6 6. Bc4 e6 7. Be3 Be7 8.
Qe2 a6 9. O-O-O Qc7 10. Bb3 O-O 11. g4 Na5 12. g5 Nxb3+ 13. axb3 Nd7 14. Rhg1
b5 15. Rg3 Bb7 16. Qh5 Rfc8 17. Rh3 Nf8 18. Nf5 exf5 19. exf5 b4 20. Bd4 bxc3
21. bxc3 Qa5 22. f6 gxf6 23. Rg1 Qa1+ 24. Kd2 Qxg1 25. Rg3 Qxg3 26. hxg3 fxg5
27. f4 Ne6 28. Be3 Rc5 29. Bxc5 Nxc5 30. fxg5 Ne4+ 31. Ke3 Bxg5+ 32. Kd3 Re8
33. Kc4 Re5 34. Qg4 Nd2+ 35. Kd3 Re3+ 0-1

[Event "Championnat de France des Jeunes - Benjamins"]
[Site "MONTLUCON"]
[Date "2011.04.22"]
[Round "7.1"]
[White "Kambrath, Yannick"]
[Black "Bellahcene, Bilel"]
[Result "1/2-1/2"]
[WhiteElo "2124"]
[BlackElo "2156"]
[Annotator ""]

1. d4 Nf6 2. c4 e6 3. Nf3 b6 4. a3 Bb7 5. Nc3 g6 6. Bg5 Bg7 7. e3 O-O 8. Be2 h6
9. Bh4 g5 10. Bg3 Nh5 11. Qc2 f5 12. O-O-O d6 13. Ne1 Nxg3 14. hxg3 Nd7 15. g4
Qe7 16. gxf5 exf5 17. Nf3 Nf6 18. d5 Ne4 19. Nxe4 fxe4 20. Nh2 Qf6 21. Ng4 Qg6
22. f3 Rae8 23. Nf2 c6 24. dxc6 Bxc6 25. Nxe4 Bxe4 26. fxe4 Rf2 27. c5 d5 28.
Rxd5 Qf6 29. Rd2 Kh8 30. c6 Rc8 31. c7 Qe7 32. Rd8+ Rf8 33. Rxf8+ Bxf8 34. Qc3+
Kh7 35. Bg4 Rxc7 36. Bf5+ Kg8 37. Be6+ Kh7 38. Bg4 Kg8 39. Kb1 Kh7 40. Bf5+ Kg8
41. Be6+ Kh7 42. Qe5 1/2-1/2

[Event "Championnat de France des Jeunes - Benjamins"]
[Site "MONTLUCON"]
[Date "2011.04.22"]
[Round "7.2"]
[White "Gelas, Christophe"]
[Black "Lamard, Guillaume"]
[Result "1/2-1/2"]
[WhiteElo "2047"]
[BlackElo "2162"]
[PlyCount "53"]

1. d4 Nf6 2. c4 g6 3. f3 d5 4. cxd5 Nxd5 5. e4 Nb6 6. Nc3 Bg7 7. Be3 O-O 8. Qd2
Nc6 9. O-O-O f5 10. e5 Nb4 11. Nh3 Be6 12. Kb1 Qd7 13. Nf4 Bf7 14. h4 Rfd8 15.
g4 N6d5 16. Ncxd5 Nxd5 17. gxf5 gxf5 18. Rg1 Kh8 19. Nh3 Nb6 20. b3 Bd5 21. Be2
Rg8 22. Bh6 Bxh6 23. Qxh6 Qe6 24. Qe3 Qd7 25. Qh6 Qe6 26. Qe3 Qd7 27. Qh6
1/2-1/2

[Event "Championnat de France des Jeunes - Benjamins"]
[Site "MONTLUCON"]
[Date "2011.04.22"]
[Round "7.3"]
[White "Pruvot, Louis"]
[Black "Msellek, Ilyass"]
[Result "0-1"]
[WhiteElo "1973"]
[BlackElo "2083"]
[PlyCount "71"]

1. d4 Nf6 2. Nf3 g6 3. c4 Bg7 4. Nc3 O-O 5. e4 d6 6. h3 Na6 7. Bg5 h6 8. Be3 e5
9. d5 Nc5 10. Nd2 a5 11. g4 c6 12. Rg1 Bd7 13. h4 a4 14. h5 Qa5 15. Rb1 Nfxe4
16. Ncxe4 Nxe4 17. Qc2 cxd5 18. hxg6 f5 19. gxf5 Bxf5 20. Bd3 Rac8 21. Ke2 Nxd2
22. Bxf5 Nf3 23. Bxc8 Nxg1+ 24. Rxg1 Rxc8 25. Qf5 Qc7 26. Qe6+ Kh8 27. c5 Qc6
28. Bxh6 Qb5+ 29. Ke1 Qb4+ 30. Kf1 Qc4+ 31. Kg2 Qe4+ 32. f3 Qc2+ 33. Kh3 Rg8
34. Bxg7+ Rxg7 35. Qe8+ Rg8 36. g7+ 0-1

[Event "Championnat de France des Jeunes - Benjamins"]
[Site "MONTLUCON"]
[Date "2011.04.22"]
[Round "7.4"]
[White "Viennot, Dylan"]
[Black "Laverdet, Tristan"]
[Result "1-0"]
[WhiteElo "2076"]
[BlackElo "1900"]
[PlyCount "87"]

1. Nc3 c5 2. Nf3 Nc6 3. e4 e6 4. Bb5 Nge7 5. O-O a6 6. Bxc6 Nxc6 7. d4 cxd4 8.
Nxd4 Qc7 9. Re1 b5 10. a3 Bb7 11. Bg5 f6 12. Be3 Na5 13. Qh5+ g6 14. Qh4 Bg7
15. Rad1 Nc4 16. Bc1 O-O 17. b3 Ne5 18. Bb2 Nc6 19. Nde2 Rac8 20. Rd2 Ne7 21.
Red1 Rfd8 22. a4 bxa4 23. Nxa4 g5 24. Qg4 h5 25. Qxh5 Bxe4 26. h4 Bg6 27. Qg4
gxh4 28. Qxh4 Kf7 29. Nf4 Rh8 30. Qg3 d5 31. Ba3 Bh6 32. Rd4 Bxf4 33. Rxf4 Qxc2
34. Re1 Qd2 35. Bb4 Qd3 36. Rf3 Qc2 37. Qd6 Ng8 38. Qxe6+ Kg7 39. Bc3 Rf8 40.
Qxd5 Bf7 41. Qb7 Kg6 42. Nc5 Rh5 43. Nd7 Bd5 44. Nxf8+ 1-0

[Event "Championnat de France des Jeunes - Benjamins"]
[Site "MONTLUCON"]
[Date "2011.04.22"]
[Round "7.5"]
[White "Kern, Nicolas"]
[Black "Purenne, Benoit"]
[Result "0-1"]
[WhiteElo "1769"]
[BlackElo "1940"]
[PlyCount "76"]

1. e4 c5 2. Nc3 Nc6 3. g3 g6 4. Bg2 Bg7 5. d3 d6 6. Be3 Nd4 7. Qd2 Qa5 8. f4
Nf6 9. h3 Nh5 10. Bf2 e5 11. Nge2 O-O 12. O-O Nxe2+ 13. Qxe2 exf4 14. g4 Ng3
15. Bxg3 fxg3 16. Nd1 Be6 17. c3 Rae8 18. Ne3 Qd8 19. Rf3 Qh4 20. Qe1 Be5 21.
Nf1 f5 22. gxf5 gxf5 23. Nxg3 f4 24. Ne2 Qg5 25. d4 cxd4 26. cxd4 Bg7 27. Qf2
Bc4 28. Nc3 Re6 29. Kh2 Rg6 30. Rg1 Qg3+ 31. Rxg3 fxg3+ 32. Qxg3 Rxg3 33. Kxg3
Bxd4 34. Rd1 Be5+ 35. Kh4 Rf4+ 36. Kg5 Kg7 37. Rd5 h6+ 38. Kh5 Be2+ 0-1

[Event "Championnat de France des Jeunes - Benjamins"]
[Site "MONTLUCON"]
[Date "2011.04.22"]
[Round "7.6"]
[White "Rodriguez, Adrien"]
[Black "Stark, Gabriel"]
[Result "1-0"]
[WhiteElo "1889"]
[BlackElo "1792"]
[PlyCount "61"]

1. d4 Nf6 2. Nf3 g6 3. c4 Bg7 4. Nc3 O-O 5. Bg5 d6 6. h3 Nbd7 7. e3 b6 8. Be2
c5 9. O-O Bb7 10. Qc2 Ne8 11. Rad1 h6 12. Bh4 g5 13. Bg3 f5 14. Bh2 Qc8 15. d5
Ndf6 16. Bd3 Nh5 17. Rfe1 g4 18. hxg4 fxg4 19. Nh4 Rf6 20. Ne4 Rf7 21. Ng3 Nef6
22. Nxh5 Nxh5 23. Bg6 Nf6 24. Bxf7+ Kxf7 25. Qg6+ Kg8 26. Nf5 Qf8 27. Nxh6+ Kh8
28. Nf7+ Kg8 29. Ng5 Bc8 30. e4 Bd7 31. e5 1-0

[Event "Championnat de France des Jeunes - Benjamins"]
[Site "MONTLUCON"]
[Date "2011.04.22"]
[Round "7.7"]
[White "Hyjazi, Theo"]
[Black "Ek, Alexandre"]
[Result "0-1"]
[WhiteElo "1717"]
[BlackElo "1872"]
[PlyCount "106"]

1. d4 c5 2. d5 e6 3. c4 exd5 4. cxd5 d6 5. Nc3 Nf6 6. Nf3 g6 7. g3 Bg7 8. Bg2
O-O 9. O-O Na6 10. Nd2 Nc7 11. a4 b6 12. Re1 Ba6 13. e4 Nd7 14. f4 Bd4+ 15. Kh1
Bf2 16. Re2 Bxe2 17. Qxe2 Bd4 18. Nc4 Nf6 19. Be3 Bxe3 20. Qxe3 Rb8 21. e5 dxe5
22. d6 Ne6 23. fxe5 Ng4 24. Qe2 h5 25. h3 Nd4 26. Qf1 Nh6 27. Qd3 Nhf5 28. Ne4
a6 29. Ne3 Kg7 30. Nxf5+ Nxf5 31. Re1 Qe8 32. Nf6 Qxa4 33. Nxh5+ Kh8 34. Nf6
Rfe8 35. Be4 c4 36. Qf3 Qa5 37. Qc3 Qxc3 38. bxc3 Nxg3+ 39. Kg2 Nxe4 40. Rxe4
Kg7 41. Rh4 Rh8 42. Rxc4 b5 43. Rc6 a5 44. Ra6 b4 45. Rxa5 bxc3 46. Rc5 Rhc8
47. Ne4 c2 48. Rxc2 Rxc2+ 49. Kf3 Rb3+ 50. Kf4 Rc4 51. h4 Rbb4 52. Kg5 Rxe4 53.
h5 Rg4# 0-1

[Event "Championnat de France des Jeunes - Benjamins"]
[Site "MONTLUCON"]
[Date "2011.04.22"]
[Round "7.8"]
[White "Le Pen, Steven"]
[Black "Venou, Randjit"]
[Result "0-1"]
[WhiteElo "1853"]
[BlackElo "1693"]
[PlyCount "76"]

1. e4 c5 2. Nf3 d6 3. d4 cxd4 4. Nxd4 Nf6 5. Nc3 g6 6. Be3 Bg7 7. f3 Nc6 8. Qd2
O-O 9. Bc4 Bd7 10. O-O-O Rc8 11. Bb3 Ne5 12. Kb1 Nc4 13. Bxc4 Rxc4 14. h4 h5
15. Nde2 a6 16. Bh6 b5 17. g4 Kh7 18. Bxg7 Kxg7 19. gxh5 Nxh5 20. Rhg1 Bc8 21.
Qg5 Rh8 22. Nd5 e6 23. Qxd8 Rxd8 24. Nb6 Rc6 25. Nxc8 Rcxc8 26. f4 Rc4 27. Ng3
Nxg3 28. Rxg3 Rxe4 29. Rf1 Rh8 30. Rh3 Kf6 31. Kc1 Kf5 32. Ra3 Rxh4 33. Rxa6
Rhxf4 34. Rg1 Ra4 35. Rxd6 Rxa2 36. Kb1 Rfa4 37. b3 Ra1+ 38. Kb2 R4a2+ 0-1

[Event "Championnat de France des Jeunes - Benjamins"]
[Site "MONTLUCON"]
[Date "2011.04.22"]
[Round "7.9"]
[White "Aubert, Lucas"]
[Black "Grezels, Florian"]
[Result "0-1"]
[WhiteElo "1743"]
[BlackElo "1852"]
[PlyCount "62"]

1. d4 d5 2. c4 c6 3. Nf3 Nf6 4. e3 a6 5. b3 b5 6. Bb2 Bg4 7. Nbd2 e6 8. Be2
Nbd7 9. O-O Be7 10. Qc2 O-O 11. Bd3 Bxf3 12. Nxf3 h6 13. Rfc1 Qb6 14. Ne5 Nxe5
15. dxe5 dxc4 16. bxc4 Nd7 17. cxb5 cxb5 18. Bd4 Qa5 19. Qc7 Qxc7 20. Rxc7 Rad8
21. Be4 f6 22. Bc6 Nb8 23. Bxb5 axb5 24. Rxe7 Nc6 25. exf6 gxf6 26. Rxe6 Nxd4
27. exd4 Rxd4 28. Rb6 Ra8 29. Rxf6 Rxa2 30. Rc1 Rc4 31. Rc6 Rxc6 0-1

[Event "Championnat de France des Jeunes - Benjamins"]
[Site "MONTLUCON"]
[Date "2011.04.22"]
[Round "7.10"]
[White "Dumas, Charles"]
[Black "May, Alexandre"]
[Result "1-0"]
[WhiteElo "1806"]
[BlackElo "1819"]
[PlyCount "57"]

1. e4 e6 2. d4 d5 3. Nd2 Nf6 4. e5 Nfd7 5. Ngf3 c5 6. c3 Nc6 7. Bd3 f6 8. exf6
Nxf6 9. O-O cxd4 10. cxd4 Bd6 11. Re1 O-O 12. Nb3 Qc7 13. Qe2 b6 14. a3 Bd7 15.
Ne5 Rae8 16. Bd2 Qb8 17. g4 Nxe5 18. dxe5 Nxg4 19. Qxg4 Bxe5 20. Bxh7+ Kxh7 21.
Qh5+ Kg8 22. Qxe5 Qb7 23. Nd4 Bc8 24. Rac1 Qf7 25. Be3 Qg6+ 26. Kh1 Qf6 27.
Qxf6 gxf6 28. Rg1+ Kf7 29. Bh6 1-0

[Event "Championnat de France des Jeunes - Benjamins"]
[Site "MONTLUCON"]
[Date "2011.04.23"]
[Round "8.1"]
[White "Bellahcene, Bilel"]
[Black "Pruvot, Louis"]
[Result "1-0"]
[WhiteElo "2156"]
[BlackElo "1973"]
[PlyCount "99"]

1. e4 e5 2. Nf3 Nc6 3. Bb5 a6 4. Ba4 Nf6 5. O-O b5 6. Bb3 Bb7 7. d3 Bd6 8. a3
O-O 9. Nc3 h6 10. Re1 Re8 11. Bd2 Bf8 12. Nd5 d6 13. c4 Nd7 14. Qc2 Nc5 15. Ba2
Ne6 16. cxb5 axb5 17. Be3 Ne7 18. Nc3 Qd7 19. Qb3 c6 20. d4 Ng6 21. d5 Nc5 22.
dxc6 Bxc6 23. Bxc5 dxc5 24. Rad1 Qb7 25. Nd5 c4 26. Qe3 Rad8 27. b3 Bxd5 28.
exd5 Rxd5 29. bxc4 Rxd1 30. Rxd1 Qc6 31. cxb5 Qxb5 32. Qe4 Nf4 33. Bc4 Qc5 34.
Rd7 Re7 35. Rxe7 Qxe7 36. Nxe5 Ne6 37. Qf5 Qf6 38. Bxe6 fxe6 39. Qxf6 gxf6 40.
Nd7 Bxa3 41. Nxf6+ Kf7 42. Ne4 Kg6 43. f3 Kf5 44. g3 h5 45. Kg2 Bb4 46. Nf2 Be7
47. Nd3 Kg5 48. f4+ Kf5 49. Kf3 Bd6 50. h3 Bc7 51. Nc5 Bd6 52. g4+ Kg6 53. Nxe6
hxg4+ 54. hxg4 Kf6 55. Nd4 Bc5 56. g5+ Kg6 57. Ne6 Be7 58. Kg4 Ba3 1-0

[Event "Championnat de France des Jeunes - Benjamins"]
[Site "MONTLUCON"]
[Date "2011.04.23"]
[Round "8.2"]
[White "Lamard, Guillaume"]
[Black "Rodriguez, Adrien"]
[Result "1-0"]
[WhiteElo "2162"]
[BlackElo "1889"]
[PlyCount "91"]

1. c4 Nf6 2. Nf3 c5 3. g3 Nc6 4. Bg2 g6 5. O-O Bg7 6. Nc3 O-O 7. d4 cxd4 8.
Nxd4 Ng4 9. e3 Nge5 10. Qe2 d6 11. Rd1 Bd7 12. b3 Nxd4 13. exd4 Nc6 14. Be3 Qa5
15. Rac1 Rad8 16. h3 e5 17. Nb5 exd4 18. Nxd4 Nxd4 19. Bxd4 Bxd4 20. Rxd4 Bc6
21. Qd2 Qxd2 22. Rxd2 Rd7 23. Rcd1 Rfd8 24. Bd5 Kf8 25. f4 Rc7 26. a4 a5 27.
Kf2 b6 28. g4 Bxd5 29. Rxd5 Rc6 30. Kf3 Ke7 31. h4 Rc5 32. f5 Rxd5 33. Rxd5 Kd7
34. Kf4 h6 35. Rd3 Re8 36. Re3 g5+ 37. hxg5 hxg5+ 38. Kf3 Rxe3+ 39. Kxe3 f6 40.
Ke4 Kc7 41. Kd3 Kc6 42. Kd4 Kc7 43. Kc3 Kc6 44. b4 axb4+ 45. Kxb4 d5 46. cxd5+
1-0

[Event "Championnat de France des Jeunes - Benjamins"]
[Site "MONTLUCON"]
[Date "2011.04.23"]
[Round "8.3"]
[White "Purenne, Benoit"]
[Black "Kambrath, Yannick"]
[Result "1-0"]
[WhiteElo "1940"]
[BlackElo "2124"]
[PlyCount "69"]

1. d4 Nf6 2. c4 g6 3. Nc3 d5 4. cxd5 Nxd5 5. Bd2 Bg7 6. e4 Nb6 7. Be3 O-O 8.
Be2 Nc6 9. Nf3 Bg4 10. d5 Bxf3 11. gxf3 Na5 12. Bd4 Qd6 13. Bxg7 Kxg7 14. Rc1
c6 15. Qd2 Qb4 16. a3 Qb3 17. Nd1 Qa4 18. Nc3 Qb3 19. Nb1 Qa4 20. b4 Nb3 21.
Qc3+ Kg8 22. Bd1 cxd5 23. Qxb3 Qd7 24. O-O f5 25. exd5 Qd6 26. Qe3 Rf6 27. Re1
Nxd5 28. Bb3 e6 29. Bxd5 Qxd5 30. Rcd1 Qc6 31. Qc3 Qxc3 32. Nxc3 Rc8 33. Rc1
Rf7 34. Nb5 Rd8 35. Red1 1-0

[Event "Championnat de France des Jeunes - Benjamins"]
[Site "MONTLUCON"]
[Date "2011.04.23"]
[Round "8.4"]
[White "Gelas, Christophe"]
[Black "Viennot, Dylan"]
[Result "0-1"]
[WhiteElo "2047"]
[BlackElo "2076"]
[PlyCount "84"]

1. d4 e6 2. c4 f5 3. g3 Nf6 4. Bg2 d5 5. Nf3 c6 6. O-O Bd6 7. b3 Qe7 8. Bb2 b6
9. Ne5 Bb7 10. Nd2 Nbd7 11. Ndf3 Rc8 12. Rc1 O-O 13. Nd3 c5 14. e3 Ne4 15. Nfe5
cxd4 16. exd4 Bxe5 17. dxe5 dxc4 18. bxc4 Nec5 19. Nxc5 Nxc5 20. Qe2 Bxg2 21.
Kxg2 Qb7+ 22. f3 Qa6 23. Rfd1 Qxa2 24. Ra1 Qb3 25. Ra3 Qb4 26. Rda1 Nb3 27. Ra4
Qd2 28. Qxd2 Nxd2 29. Rxa7 Nxc4 30. Bd4 Rcd8 31. Rc7 Rc8 32. Re7 Rf7 33. Rxe6
Rd7 34. Rxb6 Nxb6 35. Bxb6 Rc2+ 36. Kh3 Re7 37. Ra8+ Kf7 38. Ra7 Rxa7 39. Bxa7
g5 40. Be3 Kg6 41. e6 h5 42. g4 hxg4+ 0-1

[Event "Championnat de France des Jeunes - Benjamins"]
[Site "MONTLUCON"]
[Date "2011.04.23"]
[Round "8.5"]
[White "Msellek, Ilyass"]
[Black "Ek, Alexandre"]
[Result "0-1"]
[WhiteElo "2083"]
[BlackElo "1872"]
[PlyCount "126"]

1. e4 c5 2. Nc3 Nc6 3. Bb5 Nd4 4. Bc4 g6 5. Nf3 Bg7 6. O-O Nh6 7. d3 O-O 8.
Nxd4 cxd4 9. Nb5 Ng4 10. Bb3 d6 11. h3 Qb6 12. Nxa7 Bd7 13. hxg4 Rxa7 14. Bd2
Ba4 15. Bxa4 Rxa4 16. c4 Rfa8 17. Qb1 Qa6 18. a3 b5 19. cxb5 Qxb5 20. Qc2 h5
21. g5 Rb8 22. Bb4 Ra6 23. Qd2 f6 24. gxf6 Bxf6 25. f4 Kg7 26. Rac1 Qd7 27. f5
g5 28. Rc2 Qb5 29. Qe2 Rh8 30. Rfc1 Raa8 31. Rc7 Qe5 32. R1c6 Rad8 33. Bd2 Qg3
34. Be1 Qe5 35. Qf3 h4 36. Bf2 Rb8 37. Rc2 Kh6 38. R7c4 Rbg8 39. Qg4 Qf4 40.
Qxf4 gxf4 41. Bxd4 Rg3 42. Bxf6 exf6 43. Rf2 h3 44. Rcc2 h2+ 45. Kxh2 Rxd3 46.
Rf3 Kg5+ 47. Kg1 Rd1+ 48. Rf1 Rh1+ 49. Kxh1 Rxf1+ 50. Kh2 Re1 51. Rc4 Re2 52.
b4 f3 53. Kg1 Rxg2+ 54. Kf1 Kf4 55. b5 Ra2 56. e5+ Kg3 57. Rc1 Rh2 58. Ke1 Rh1+
59. Kd2 Rxc1 60. Kxc1 f2 61. e6 f1=Q+ 62. Kb2 Qxb5+ 63. Kc3 Qxf5 0-1

[Event "Championnat de France des Jeunes - Benjamins"]
[Site "MONTLUCON"]
[Date "2011.04.23"]
[Round "8.6"]
[White "Grezels, Florian"]
[Black "Cogan, Nicolas"]
[Result "1-0"]
[WhiteElo "1852"]
[BlackElo "1718"]
[PlyCount "77"]

1. e4 c5 2. Nf3 Nc6 3. d4 cxd4 4. Nxd4 g6 5. Nc3 Bg7 6. Be3 Nf6 7. f3 O-O 8.
Qd2 d5 9. O-O-O dxe4 10. fxe4 Nxd4 11. Bxd4 Be6 12. Kb1 a6 13. Bxf6 Bxf6 14.
Qxd8 Rfxd8 15. Nd5 Bxd5 16. exd5 Rd6 17. c4 a5 18. c5 Rdd8 19. Bb5 Rac8 20. c6
bxc6 21. dxc6 Kg7 22. Kc2 Be5 23. h3 Bc7 24. Ba6 Rxd1 25. Rxd1 Rd8 26. Rxd8
Bxd8 27. Kc3 e5 28. a3 Kf6 29. Kc4 Ke6 30. Kc5 f5 31. b4 axb4 32. axb4 e4 33.
Be2 h6 34. b5 Ke7 35. b6 Ke6 36. c7 Kd7 37. Bb5+ Kc8 38. Kc6 Bxc7 39. bxc7 1-0

[Event "Championnat de France des Jeunes - Benjamins"]
[Site "MONTLUCON"]
[Date "2011.04.23"]
[Round "8.8"]
[White "Hortion, Donat"]
[Black "Poulet, Pierre-Emmanuel"]
[Result "0-1"]
[WhiteElo "1740"]
[BlackElo "1903"]
[PlyCount "32"]

1. e4 c5 2. c3 g6 3. d4 cxd4 4. cxd4 d5 5. e5 Nc6 6. Nc3 h5 7. Nf3 Nh6 8. h3
Nf5 9. Bb5 a6 10. Qa4 Bd7 11. Nxd5 Rc8 12. Bd3 Nxe5 13. Qd1 Nxf3+ 14. Qxf3 Bc6
15. Be4 Nd6 16. Bd3 Qa5+ 0-1

[Event "Championnat de France des Jeunes - Benjamins"]
[Site "MONTLUCON"]
[Date "2011.04.23"]
[Round "8.9"]
[White "Laverdet, Tristan"]
[Black "Micottis, Dorian"]
[Result "1/2-1/2"]
[WhiteElo "1900"]
[BlackElo "1727"]
[PlyCount "69"]

1. e4 c5 2. Nf3 e6 3. d4 cxd4 4. Nxd4 a6 5. Nc3 Qc7 6. Be2 Nf6 7. O-O Nc6 8.
Be3 Bb4 9. f3 O-O 10. a3 Bxc3 11. bxc3 d5 12. Bg5 dxe4 13. Bxf6 gxf6 14. fxe4
Qe5 15. Nxc6 bxc6 16. Qd4 c5 17. Qxe5 fxe5 18. Rab1 Bd7 19. Rb6 Rfb8 20. Rfb1
Rxb6 21. Rxb6 Ba4 22. Rxa6 Rxa6 23. Bxa6 Bxc2 24. Bb7 Kf8 25. Kf2 Ke7 26. Ke3
f5 27. g3 Kd7 28. h3 Kc7 29. Ba8 h5 30. h4 Bd1 31. exf5 exf5 32. Bd5 Kb6 33.
Be6 Bg4 34. Bb3 Kb5 35. c4+ 1/2-1/2

[Event "Championnat de France des Jeunes - Benjamins"]
[Site "MONTLUCON"]
[Date "2011.04.23"]
[Round "8.10"]
[White "Eid, Amine"]
[Black "Hyjazi, Theo"]
[Result "1-0"]
[WhiteElo "1871"]
[BlackElo "1717"]
[PlyCount "143"]

1. e4 d6 2. d4 Nf6 3. Nc3 e5 4. dxe5 dxe5 5. Qxd8+ Kxd8 6. Nf3 Bd6 7. Bc4 Be6
8. Bxe6 fxe6 9. Be3 Nc6 10. O-O-O Ke7 11. Nd2 Rad8 12. Nc4 a6 13. a4 h6 14. f3
Rhf8 15. Rd2 Nh5 16. Rhd1 Bb4 17. Rxd8 Rxd8 18. Na2 Bd6 19. Kb1 Nf4 20. g3 Nh5
21. c3 Rf8 22. Rd3 Nf6 23. b4 b5 24. axb5 axb5 25. Nxd6 cxd6 26. Rxd6 Kxd6 27.
Bc5+ Kd7 28. Bxf8 g5 29. Bxh6 g4 30. fxg4 Nxg4 31. Bc1 Nxh2 32. Kc2 Ke8 33. Kd3
Ng4 34. Ke2 Kf7 35. Be3 Kg6 36. Nc1 Kf7 37. Nd3 Kg6 38. Nc5 Kf7 39. Nb7 Nf6 40.
Kf3 Ne8 41. Bc5 Kg6 42. Na5 Nb8 43. Nb7 Nc6 44. g4 Kf6 45. Na5 Nxa5 46. bxa5
Nc7 47. Be3 Kg6 48. g5 Na6 49. Ke2 Kf7 50. Kd3 Kg6 51. c4 b4 52. c5 b3 53. Kc3
Nxc5 54. Bxc5 Kxg5 55. a6 Kf4 56. a7 Kxe4 57. a8=Q+ Kf4 58. Kxb3 e4 59. Qa1 e5
60. Qf1+ Kg4 61. Qe2+ Kf4 62. Bd6 e3 63. Bxe5+ Ke4 64. Kc4 Kf5 65. Qxe3 Ke6 66.
Bh2+ Kf6 67. Qe5+ Kf7 68. Kd5 Kg6 69. Ke6 Kh7 70. Qg5 Kh8 71. Be5+ Kh7 72. Qg7#
1-0